I was so mad / (Record no. 5486)

MARC details
000 -LEADER
fixed length control field 00930nam a22003017a 4500
001 - CONTROL NUMBER
control field 5486
003 - CONTROL NUMBER IDENTIFIER
control field FISKH
005 - DATE AND TIME OF LATEST TRANSACTION
control field 20241211090117.0
008 - FIXED-LENGTH DATA ELEMENTS--GENERAL INFORMATION
fixed length control field 241211b cb ||||| |||| 00| 0 eng d
020 ## - INTERNATIONAL STANDARD BOOK NUMBER
International Standard Book Number 9780807535196
040 ## - CATALOGING SOURCE
Original cataloging agency FISKH
Language of cataloging eng
Transcribing agency FISKH
Modifying agency FISKH
050 ## - LIBRARY OF CONGRESS CALL NUMBER
Classification number BF723.A4
082 ## - DEWEY DECIMAL CLASSIFICATION NUMBER
Classification number 152.4
100 ## - MAIN ENTRY--PERSONAL NAME
Personal name Simon, Norman
Dates associated with a name (1928-)
245 ## - TITLE STATEMENT
Title I was so mad /
Statement of responsibility, etc. By Norman Simon Illustrations by Dora Leder
250 ## - EDITION STATEMENT
Edition statement Published in 1974
260 ## - PUBLICATION, DISTRIBUTION, ETC.
Place of publication, distribution, etc. Canada :
Name of publisher, distributor, etc. Whitman,
Date of publication, distribution, etc. 1974.
300 ## - PHYSICAL DESCRIPTION
Extent 33 pages :
Other physical details color illustrations ;
Dimensions 23 cm
505 ## - FORMATTED CONTENTS NOTE
Formatted contents note J<br/>
520 ## - SUMMARY, ETC.
Summary, etc. Text and pictures relate situations which sometimes result in such reactions as frustration, anxiety, humiliation, and loss of control.
521 8# - TARGET AUDIENCE NOTE
Target audience note 430L<br/>
Source Lexile<br/>
521 8# - TARGET AUDIENCE NOTE
Target audience note J<br/>
Source Raz-Plus<br/>
650 ## - SUBJECT ADDED ENTRY--TOPICAL TERM
Source of heading or term Anger
Topical term or geographic name entry element Emotions
650 ## - SUBJECT ADDED ENTRY--TOPICAL TERM
Source of heading or term Behavior
Topical term or geographic name entry element Feelings
700 ## - ADDED ENTRY--PERSONAL NAME
Personal name Leder, Dora
Dates associated with a name Illustrator
942 ## - ADDED ENTRY ELEMENTS (KOHA)
Source of classification or shelving scheme Dewey Decimal Classification
Koha item type Books
Suppress in OPAC No
Holdings
Withdrawn status Lost status Source of classification or shelving scheme Damaged status Not for loan Collection Home library Current library Shelving location Date acquired Total Checkouts Full call number Barcode Date last seen Copy number Price effective from Koha item type
    Dewey Decimal Classification     Fiction Footprints International School Library Network Toul Kork Campus Footprints International School Library Network Toul Kork Campus TK Primary Library Room(4th Floor), Bookcase 1&2, Shelves 1-16, Dark Blue Books 12/11/2024   SIM 152.4 BF723.A4 FISTK01704 12/11/2024 1 12/11/2024 Books